书目信息 |
| 书名: | The communicative approach to language teaching | |
| 作者: | C. J. Brumfit and K. Johnson. | |
| 分册号: | ||
| 分册名: | 出版地: | Oxford : |
|
| 出版社: | Oxford University Press | |
| 出版时间: | 1979. | |
| 页数: | x, 243 p. : | |
| 开本: | 22 cm. | |
| 丛书名: | ||
| 中图分类号: | ||
| 科图分类号: | ||
| 其他分类号: | H319 | |
| 主题词: | ||
| 电子资源: | ||
| 000 | 01215nam 2200349 a 4500 | |
| 001 | E0752466767 | |
| 003 | DLC | |
| 005 | 20070302144330.57 | |
| 008 | 00110 eng | |
| 008 | uu | |
| 010 | @a80502701 //r972 | |
| 015 | @aGB*** | |
| 020 | @a019437078X (pbk.) :@cCNY0.90. | |
| 040 | @aDLC @cDLC @dDLC | |
| 049 | @aN5LA | |
| 050 | 00 | @aP53 @b.B79 |
| 082 | 00 | @a407 @219 |
| 090 | @a2/H319/BCJ////////395750 | |
| 090 | @aH319 | |
| 096 | @aH319 @v2 | |
| 099 | @dH319@ex4 | |
| 100 | 10 | @aBrumfit, Christopher. |
| 245 | 14 | @aThe communicative approach to language teaching / @cC. J. Brumfit and K. Johnson. |
| 260 | 0 | @aOxford :@bOxford University Press,@c1979. |
| 300 | @ax, 243 p. :@bill. ;@c22 cm. | |
| 500 | @aIncludes index. | |
| 504 | @aBibliography: p. [227]-238. | |
| 650 | 0 | @aCommunicative competence. |
| 650 | 0 | @aLanguage and languages @xStudy and teaching. |
| 650 | 0 | @aEnglish language @xStudy and teaching. |
| 700 | 10 | @aJohnson, Keith. @b00 @c20020930 @lNLC09 @h2248 @b00 @c20021021 @lNLC09 @h1149 @b00 @c20021108 @lNLC09 @h0947 @lNLC09 @h2321 @lNLC09 @h1912 @b00 @c20030415 @lNLC09 @h1207 @b00 @c20030415 @lNLC09 @h1215 |
| 852 | 9 | @bWWJC @cJ08S @k2 @hH319 @iBCJ |
| The communicative approach to language teaching / / C. J. Brumfit and K. Johnson.-Oxford : : Oxford University Press, , 1979. |
| x, 243 p. : : ill. ; ; 22 cm. |
| Includes index.-Bibliography: p. [227]-238. |
| ISBN 019437078X (pbk.) :CNY0.90. |
| ● |
| 相关链接 |
|
|
|
|
正题名:communicative approach to language teaching
索取号:H319/x4
 
预约/预借
| 序号 | 登录号 | 条形码 | 馆藏地/架位号 | 状态 | 备注 |
| 1 | 115879 | 001439642 | 第四借阅区/ [索取号:H319/x4] | 在馆 | |
| 2 | 115880 | 001439615 | 第四借阅区/ [索取号:H319/x4] | 在馆 | |
| 3 | 115881 | 001439624 | 密集书库/ [索取号:H319/x4] | 在馆 | |
| 4 | 115882 | 001439679 | 第四借阅区/ [索取号:H319/x4] | 在馆 | |
| 5 | 116497 | 001439633 | 密集书库/ [索取号:H319/x4] | 在馆 | |
| 6 | 180372 | 001439688 | 第四借阅区/ [索取号:H319/x4] | 在馆 | |
| 7 | 180373 | 001439599 | 密集书库/ [索取号:H319/x4] | 在馆 | |
| 8 | 180374 | 001439651 | 第四借阅区/ [索取号:H319/x4] | 在馆 | |
| 9 | 181002 | 001439580 | 第四借阅区/ [索取号:H319/x4] | 在馆 |